000 00776nam a22002297a 4500
003 OSt
005 20251203111041.0
008 251203b |||||||| |||| 00| 0 eng d
020 _a978-971-582-258-0
040 _aDWCL - Main
_cOC
082 _aCirc. 613 D559h 2016
100 _aDiehl, Hans
_eAuthor
245 _aHealthy choices :
_bhealth by choice, not by chance /
_cHans Diehl [and two others]
260 _aManila, Philippines;
_bPhilippine Publishing House,
_cc2016.
300 _a256 pages;
_bcolor illustration;
_c25 cm
504 _aIncludes bibliographical references and index.
650 _a1. Health.
650 _a2. Popular medicine.
700 _aI. Ludington, Aileen
_eAuthor
700 _aII. Varona, Blecenda M.
_eAuthor
942 _2ddc
_cBK-CIRC
_n0
999 _c6751
_d6751